Dos modelos de Estado : la historia y la norma /

Bibliographic Details
Main Author: Arregi Aranburu, Joseba
Corporate Author: Instituto Nacional de Administracin̤ Pb︢lica
Format: Book
Language:Spanish
Published: Madrid : Instituto Nacional de Administracin̤ Pb︢lica, 2005.
Subjects:
Online Access:Acceso restringido

MARC

LEADER 00000cam a2200000 i 4500
005 20110708142820.0
008 060405s2005 sp | 000 0 spa d
017 |a M 48633-2005 
020 |a 8473512456 
035 |a 5580 
040 |a NoBUC  |d SpMaUCCP  |d BUS  |d vLex 
090 |c 2198  |d 2198 
100 1 |a Arregi Aranburu, Joseba. 
245 1 0 |a Dos modelos de Estado :  |b la historia y la norma /  |c Joseba Arregi Aranburu.  |h [Recurso electrn̤ico] 
256 |a Servicio en ln̕ea. 
260 |a Madrid :  |b Instituto Nacional de Administracin̤ Pb︢lica,  |c 2005. 
300 |a 161 p. ;  |c 24 cm. 
506 1 |a Contenido solo disponible en los productos indicados  |d vLex Global  |d vLex Global (Academic Edition, excluding Law Schools)  |d vLex Global (U.S. Academic Edition, Law Schools)  |d vLex Global (U.S. Academic Edition, excluding Law Schools)  |d vLex Global (Academic Edition, Law Schools) 
650 0 7 |a Órganos constitucionales  |2 Tesauro vLex 
650 0 7 |a Gobierno  |2 Tesauro vLex 
650 0 7 |2 Tesauro vLex  |a Teora̕ constitucional 
650 0 7 |2 Tesauro vLex  |a Historia constitucional 
710 2 |a Instituto Nacional de Administracin̤ Pb︢lica. 
740 0 |a vLex Libros (Servicio en ln̕ea) 
856 4 0 |u http://vlex.com/source/modelos-estado-historia-norma-5580  |z Acceso restringido 
942 |c BOOK